000 00964nam a22002775i 4500
001 173759
003 ES-MaACL
005 20230906215334.0
008 100115s2009 sp |||| | spa d
020 _a978-84-9899-120-8
080 _a77"19"
245 0 3 _aLa India /
_cEdouard Boubat, Margaret Bourke-White, Sabine Weiss, Xavier Zimbardo ; [redacción, Vicente Ponce, Joan Soriano].
260 _a[Madrid] :
_bPúblico,
_c2009.
300 _a[32] p. :
_bprincipalmente fot. col. y n. ;
_c27 cm.
490 1 _aMaestros de la fotografía ;
_v21
651 4 _aIndia-
_vObras ilustradas.
_9173425
700 1 _aBoubat, Edouard.
_9141964
700 1 _aBourke-White, Margaret.
_9141933
700 1 _aWeiss, Sabine.
_9141966
700 1 _aZimbardo, Xavier.
_9141967
700 1 _aPonce, Vicente.
_9173428
700 1 _aSoriano, Joan.
_9173429
830 1 _aMaestros de la fotografía ;
_v21
_9189242
852 _aES-MaACL
_j2284-F-21
999 _c173759
_d173759